000 00831nam a2200229 i 4500
001 121244
003 ES-MaACL
005 20230906191722.0
007 t|
008 070214s1925 fr r ||||1| fre d
100 1 _aPrezzolini, Giuseppe (
_d1882-1982)
_993828
245 1 3 _aLa culture italienne /
_cpar Giuseppe Prezzolini ; traduit par Georges Bourgin d'apres un texte remanie par l'auteur ; avant-propos de Benjamin Crémieux.
260 _aParis :
_bLibrairie Felix Alcan,
_c1925.
300 _aIX, 246 p. ;
_c19 x 12 cm.
490 1 _aBibliotheque d'histoire contemporaine
651 4 _aItalia-
_xCivilización.
_9162968
700 1 _aBourgin, Georges.
_930994
700 1 _aCrémieux, Benjamin.
_941492
830 0 _aBibliotheque d'histoire contemporaine
_9180875
852 _aES-MaACL
_jB-4162
999 _c121244
_d121244